[Event "Karlsruhe Grenke op"]
[Site "Karlsruhe"]
[Date "2024.03.29"]
[Round "3"]
[White "Muradli, Mahammad"]
[Black "Sutter, Oliver"]
[Result "1-0"]
[WhiteElo "2555"]
[BlackElo "2311"]
[PlyCount "95"]
[EventDate "2024.03.28"]
[EventType "swiss"]
[EventRounds "9"]
[EventCountry "GER"]
[SourceTitle "CB14_2024"]
[SourceDate "2024.04.01"]
[SourceVersion "1"]
[SourceVersionDate "2024.04.01"]
[SourceQuality "1"]

1. d4 Nf6 2. c4 e6 3. Nf3 d5 4. Nc3 Nbd7 5. cxd5 exd5 6. Qc2 Be7 7. Bf4 0-0 8. e3 c6 9. Bd3 Re8 10. h3 Nf8 11. Ne5 a6 12. Bh2 c5 13. dxc5 Bxc5 14. 0-0 Be6 15. Rfd1 Rc8 16. Rac1 b5 17. Qb1 Qb6 18. b4 Be7 19. a3 Red8 20. Ne2 N8d7 21. Nxd7 Bxd7 22. Be5 h6 23. Nf4 Be6 24. Rxc8 Rxc8 25. Bf5 Rc4 26. Bxf6 Bxf6 27. Nxd5 Bxd5 28. Rxd5 Qc7 29. Rd1 Rc3 30. Qe4 Qc6 31. Rd5 Rc4 32. Qd3 Rc1+ 33. Kh2 Qc7+ 34. g3 Rc3 35. Qe4 Qe7 36. Re5 Bxe5 37. Qa8+ Qf8 38. Bh7+ Kxh7 39. Qxf8 f6 40. f4 Rc2+ 41. Kh1 Bb2 42. Qa8 Rc1+ 43. Kg2 Bxa3 44. Qxa6 Bxb4 45. Qxb5 Bc5 46. Qd3+ Kh8 47. Qd8+ Kh7 48. Qd2 1-0

[Event "SUI-ch Rapid"]
[Site "Biel"]
[Date "2023.07.30"]
[Round "2"]
[White "Hirt, Markus"]
[Black "Sutter, Oliver"]
[Result "0-1"]
[WhiteElo "1990"]
[BlackElo "2313"]
[PlyCount "58"]
[EventDate "2023.07.30"]
[EventType "swiss (rapid)"]
[EventRounds "9"]
[EventCountry "SUI"]
[SourceTitle "CBM 215 Extra"]
[Source "ChessBase"]
[SourceDate "2023.09.30"]
[SourceVersion "1"]
[SourceVersionDate "2023.09.30"]
[SourceQuality "1"]

1. e4 c5 2. Nf3 Nc6 3. b4 d6 4. bxc5 dxc5 5. Bb2 Nf6 6. e5 Nd5 7. Bb5 Qb6 8. Bxc6+ Qxc6 9. 0-0 e6 10. Nc3 Nxc3 11. Bxc3 Be7 12. d3 b6 13. Qd2 Bb7 14. Qf4 g5 15. Qg3 0-0-0 16. a4 h5 17. Nd2 h4 18. Qg4 h3 19. Ne4 Rh4 20. Qg3 Rdh8 21. a5 b5 22. a6 Ba8 23. Rfe1 b4 24. Bd2 Qd5 25. Bxg5 Bxg5 26. Nd6+ Kd7 27. Nxf7 Bf4 28. Qg7 Bxh2+ 29. Kxh2 hxg2+ 0-1

[Event "SUI-ch Rapid"]
[Site "Biel"]
[Date "2023.07.30"]
[Round "8"]
[White "Kappeler, Kaspar"]
[Black "Sutter, Oliver"]
[Result "0-1"]
[WhiteElo "2190"]
[BlackElo "2313"]
[PlyCount "82"]
[EventDate "2023.07.30"]
[EventType "swiss (rapid)"]
[EventRounds "9"]
[EventCountry "SUI"]
[SourceTitle "CBM 215 Extra"]
[Source "ChessBase"]
[SourceDate "2023.09.30"]
[SourceVersion "1"]
[SourceVersionDate "2023.09.30"]
[SourceQuality "1"]

1. d4 Nf6 2. c4 e6 3. g3 d5 4. Nf3 Bb4+ 5. Bd2 Be7 6. Bg2 0-0 7. 0-0 c6 8. Na3 b6 9. Rc1 Bb7 10. cxd5 exd5 11. Ne5 Nfd7 12. Nd3 Na6 13. b4 Nc7 14. Qb3 Ne6 15. Nc2 Ba6 16. Rfe1 Bc4 17. Qc3 f5 18. Nf4 Nxf4 19. Bxf4 Nf6 20. Ne3 Ne4 21. Bxe4 fxe4 22. Nxc4 dxc4 23. Qxc4+ Kh8 24. Red1 Rc8 25. a3 Qd7 26. e3 Rf5 27. Qe2 a5 28. Rb1 axb4 29. axb4 Rb5 30. Qc2 Qd5 31. Qc3 h6 32. Rdc1 Qf5 33. Kg2 Kh7 34. h4 Qg4 35. Qc4 Bxh4 36. Rc2 Qf3+ 37. Kg1 Be7 38. Qxb5 cxb5 39. Rxc8 h5 40. d5 h4 41. gxh4 Qg4+ 0-1

[Event "SUI-ch Blitz"]
[Site "Biel"]
[Date "2023.07.29"]
[Round "4"]
[White "Gaehwiler, Gabriel"]
[Black "Sutter, Oliver"]
[Result "1-0"]
[WhiteElo "2381"]
[BlackElo "2313"]
[PlyCount "53"]
[EventDate "2023.07.29"]
[EventType "swiss (blitz)"]
[EventRounds "13"]
[EventCountry "SUI"]
[SourceTitle "CBM 215 Extra"]
[Source "ChessBase"]
[SourceDate "2023.09.30"]
[SourceVersion "1"]
[SourceVersionDate "2023.09.30"]
[SourceQuality "1"]

1. d4 Nf6 2. Nf3 g6 3. b3 Bg7 4. Bb2 0-0 5. Nbd2 d6 6. e4 Nbd7 7. Bd3 c5 8. 0-0 cxd4 9. Bxd4 Nc5 10. Re1 Nxd3 11. cxd3 Bd7 12. Nc4 Bc6 13. Ne3 Qd7 14. h3 e5 15. Bb2 Nh5 16. d4 Bxe4 17. dxe5 Bxf3 18. Qxf3 dxe5 19. Rad1 Qe6 20. Qxb7 Nf4 21. Ng4 Rab8 22. Qf3 Rbd8 23. Rxd8 Rxd8 24. Nxe5 Qf5 25. Nc6 Nxh3+ 26. Qxh3 Qxh3 27. gxh3 1-0

[Event "SUI-ch Blitz"]
[Site "Biel"]
[Date "2023.07.29"]
[Round "3"]
[White "Sutter, Oliver"]
[Black "Abdulrahman Mohammad, Al Taher"]
[Result "1-0"]
[WhiteElo "2313"]
[BlackElo "2258"]
[PlyCount "149"]
[EventDate "2023.07.29"]
[EventType "swiss (blitz)"]
[EventRounds "13"]
[EventCountry "SUI"]
[SourceTitle "CBM 215 Extra"]
[Source "ChessBase"]
[SourceDate "2023.09.30"]
[SourceVersion "1"]
[SourceVersionDate "2023.09.30"]
[SourceQuality "1"]

1. d4 d5 2. c4 e6 3. Nf3 Nf6 4. g3 Be7 5. Bg2 0-0 6. 0-0 dxc4 7. Qc2 a6 8. a4 Bd7 9. Qxc4 Bc6 10. Bg5 Bd5 11. Qc2 Be4 12. Qc1 h6 13. Bxf6 Bxf6 14. Rd1 Nc6 15. e3 a5 16. Nc3 Bh7 17. Nb5 Qd7 18. Ne5 Qe7 19. Nxc6 bxc6 20. Qxc6 Rab8 21. Rdc1 Rfc8 22. Qc5 Qxc5 23. Rxc5 Be7 24. Rc6 Bd6 25. Rac1 Rd8 26. f4 Bd3 27. Bf1 Be4 28. Ra6 c6 29. Raxc6 Bxc6 30. Rxc6 Bb4 31. Bg2 Rbc8 32. Na7 Rxc6 33. Nxc6 Rc8 34. Kf1 Kf8 35. Ke2 Ke8 36. Kd3 Kd7 37. Nxb4 axb4 38. a5 Rc7 39. a6 Kc8 40. Bb7+ Kb8 41. e4 Ka7 42. d5 exd5 43. exd5 Rc1 44. Kd4 Rb1 45. d6 Rxb2 46. Kc5 b3 47. d7 Rd2 48. Bd5 Rxd5+ 49. Kxd5 b2 50. d8Q b1Q 51. Qc7+ Kxa6 52. Qc6+ Ka5 53. Qc3+ Ka6 54. Qxg7 Qa2+ 55. Ke4 Qc2+ 56. Kf3 Qxh2 57. Qf6+ Kb5 58. Qxf7 Qh1+ 59. Kg4 Qd1+ 60. Kf5 Qd3+ 61. Kf6 Qxg3 62. f5 Qg5+ 63. Ke6 Qe3+ 64. Kd7 Qd4+ 65. Ke7 Qe5+ 66. Qe6 Qg7+ 67. Kd6 Qf8+ 68. Ke5 Qb8+ 69. Qd6 Qe8+ 70. Kf6 Qh8+ 71. Kg6 Qc8 72. f6 Qg8+ 73. Kf5 Qg5+ 74. Ke6 Qe3+ 75. Qe5+ 1-0

[Event "SUI-ch Blitz"]
[Site "Biel"]
[Date "2023.07.29"]
[Round "12"]
[White "Sutter, Oliver"]
[Black "Ammar, Sedrani"]
[Result "1/2-1/2"]
[WhiteElo "2313"]
[BlackElo "2154"]
[PlyCount "69"]
[EventDate "2023.07.29"]
[EventType "swiss (blitz)"]
[EventRounds "13"]
[EventCountry "SUI"]
[SourceTitle "CBM 215 Extra"]
[Source "ChessBase"]
[SourceDate "2023.09.30"]
[SourceVersion "1"]
[SourceVersionDate "2023.09.30"]
[SourceQuality "1"]

1. d4 d5 2. c4 e6 3. Nf3 Nf6 4. g3 Be7 5. Bg2 0-0 6. 0-0 c6 7. Qc2 b6 8. Nbd2 Ba6 9. b3 Nbd7 10. e4 Rc8 11. Bb2 c5 12. exd5 exd5 13. Qf5 dxc4 14. Nxc4 cxd4 15. Nxd4 Rc5 16. Qb1 Bxc4 17. bxc4 Ne5 18. Nb3 Nxc4 19. Nxc5 Bxc5 20. Bc3 Nd5 21. Qd3 Nxc3 22. Qxc4 Qf6 23. Rae1 h6 24. h4 Rd8 25. Re3 Bxe3 26. fxe3 Qe5 27. Qxf7+ Kh8 28. Kh2 Qxe3 29. Qxa7 Ne2 30. Qc7 Re8 31. Rf3 Qg1+ 32. Kh3 Qe1 33. Kh2 Qg1+ 34. Kh3 Qe1 35. Kh2 1/2-1/2

[Event "SUI-ch Blitz"]
[Site "Biel"]
[Date "2023.07.29"]
[Round "5"]
[White "Sutter, Oliver"]
[Black "Manko, Mariya"]
[Result "1-0"]
[WhiteElo "2313"]
[BlackElo "2145"]
[PlyCount "99"]
[EventDate "2023.07.29"]
[EventType "swiss (blitz)"]
[EventRounds "13"]
[EventCountry "SUI"]
[SourceTitle "CBM 215 Extra"]
[Source "ChessBase"]
[SourceDate "2023.09.30"]
[SourceVersion "1"]
[SourceVersionDate "2023.09.30"]
[SourceQuality "1"]

1. Nf3 c5 2. c4 Nc6 3. Nc3 e5 4. g3 g6 5. Bg2 Bg7 6. 0-0 Nge7 7. d3 0-0 8. Bg5 f6 9. Bd2 d6 10. Ne1 Rb8 11. Nc2 a6 12. a3 b5 13. cxb5 axb5 14. b4 cxb4 15. Nxb4 Nxb4 16. Qb3+ d5 17. Qxb4 Be6 18. Nxb5 Nc6 19. Qc5 Qd7 20. a4 Rfc8 21. Qa3 Bf8 22. Qa2 f5 23. Rfc1 d4 24. Qb2 Na7 25. Rab1 Rxc1+ 26. Bxc1 Bd5 27. Bxd5+ Qxd5 28. Qb3 Qxb3 29. Rxb3 Nxb5 30. axb5 Bc5 31. Bd2 Bb6 32. Rb1 Kf7 33. Kg2 Ke6 34. h3 Kd5 35. g4 Bc7 36. f3 Bd6 37. b6 Kc6 38. Kg3 Rxb6 39. Rxb6+ Kxb6 40. Kh4 Be7+ 41. Bg5 Bb4 42. Bf6 h6 43. gxf5 gxf5 44. Bxe5 Kc5 45. Kh5 Kd5 46. Bf6 Ke6 47. Bxd4 Bf8 48. Kg6 f4 49. Bb6 Bd6 50. Kxh6 1-0

[Event "Biel HTO 56th"]
[Site "Biel"]
[Date "2023.07.18"]
[Round "2"]
[White "Chasin, Nico Werner"]
[Black "Sutter, Oliver"]
[Result "1-0"]
[WhiteElo "2455"]
[BlackElo "2313"]
[PlyCount "99"]
[EventDate "2023.07.17"]
[EventType "swiss"]
[EventRounds "10"]
[EventCountry "SUI"]
[SourceTitle "CBM 215 Extra"]
[Source "ChessBase"]
[SourceDate "2023.09.30"]
[SourceVersion "1"]
[SourceVersionDate "2023.09.30"]
[SourceQuality "1"]

1. e4 c6 2. Nc3 d5 3. Nf3 dxe4 4. Nxe4 Nf6 5. Qe2 Nxe4 6. Qxe4 Qd5 7. Qf4 Qf5 8. Qe3 Qe6 9. d4 Qxe3+ 10. Bxe3 Bf5 11. 0-0-0 e6 12. Nh4 Bg4 13. f3 Bh5 14. g4 Bg6 15. c4 Nd7 16. Bg2 Nb6 17. b3 Ba3+ 18. Kd2 Nd7 19. Ke2 a5 20. f4 Nf6 21. Nxg6 hxg6 22. g5 Ng8 23. d5 exd5 24. cxd5 Ne7 25. d6 Nd5 26. Bxd5 cxd5 27. Rxd5 Kd7 28. Rb5 Bxd6 29. Rxb7+ Ke6 30. Rb6 Rab8 31. Ra6 Ra8 32. Ba7 Kf5 33. Rxa5+ Ke4 34. h4 Rhc8 35. Re1 Kxf4 36. Rf1+ Kg3 37. Ra4 Re8+ 38. Kd3 Rad8 39. Rxf7 Bc5+ 40. Kc4 Bxa7 41. Raxa7 Kxh4 42. Rxg7 Re4+ 43. Kc3 Re3+ 44. Kb4 Re4+ 45. Ka3 Rd6 46. Ra4 Rxa4+ 47. Kxa4 Kxg5 48. b4 Kf6 49. Rg8 g5 50. b5 1-0

[Event "SUI-ch TP1"]
[Site "Payerne"]
[Date "2022.05.29"]
[Round "7"]
[White "Sutter, Oliver"]
[Black "Willems, Niels"]
[Result "1/2-1/2"]
[WhiteElo "2316"]
[BlackElo "2338"]
[PlyCount "112"]
[EventDate "2022.05.26"]
[EventType "swiss"]
[EventRounds "7"]
[EventCountry "SUI"]
[SourceTitle "CBM 208 Extra"]
[Source "ChessBase"]
[SourceDate "2022.07.31"]
[SourceVersion "1"]
[SourceVersionDate "2022.07.31"]
[SourceQuality "1"]

1. Nf3 c5 2. c4 Nc6 3. Nc3 Nf6 4. g3 d5 5. cxd5 Nxd5 6. Bg2 Nc7 7. 0-0 e5 8. a3 Be7 9. b4 0-0 10. b5 Nd4 11. Nxe5 Bf6 12. Nf3 Nxf3+ 13. Bxf3 Nxb5 14. Rb1 Nxc3 15. dxc3 Bh3 16. Bg2 Bxg2 17. Kxg2 Qe7 18. Qd3 Rfe8 19. Be3 b6 20. Rfd1 Qe6 21. Kg1 Qa2 22. c4 Rad8 23. Rd2 Rxd3 24. Rxa2 Rc3 25. a4 Rxc4 26. a5 Bd8 27. Rd2 Rce4 28. Rd7 R4e7 29. Rbd1 Bc7 30. Bf4 Rxd7 31. Rxd7 Bxf4 32. gxf4 Ra8 33. axb6 axb6 34. Rb7 g5 35. Rxb6 gxf4 36. Rc6 Ra1+ 37. Kg2 Rc1 38. Kf3 Rc4 39. h4 Kg7 40. h5 f6 41. Kg4 Rc2 42. Rc7+ Kh6 43. Rf7 Rxe2 44. Rxf6+ Kg7 45. Rxf4 Rc2 46. Kg5 h6+ 47. Kf5 Re2 48. Kg4 Re5 49. Rf5 Rxf5 50. Kxf5 c4 51. Ke4 Kf6 52. Kd4 Kg5 53. Kxc4 Kxh5 54. Kd3 Kg4 55. Ke2 h5 56. Kf1 Kf3 1/2-1/2

[Event "SUI-ch TP1"]
[Site "Payerne"]
[Date "2022.05.27"]
[Round "3"]
[White "Sutter, Oliver"]
[Black "Stijve, Niels"]
[Result "1-0"]
[WhiteElo "2316"]
[BlackElo "1994"]
[PlyCount "111"]
[EventDate "2022.05.26"]
[EventType "swiss"]
[EventRounds "7"]
[EventCountry "SUI"]
[SourceTitle "CBM 208 Extra"]
[Source "ChessBase"]
[SourceDate "2022.07.31"]
[SourceVersion "1"]
[SourceVersionDate "2022.07.31"]
[SourceQuality "1"]

1. c4 c6 2. e4 e6 3. d4 d5 4. cxd5 cxd5 5. e5 Nc6 6. Nf3 f6 7. Bb5 Bd7 8. 0-0 Qb6 9. Nc3 fxe5 10. Bxc6 bxc6 11. Nxe5 Nf6 12. Re1 Qc7 13. Bf4 Bd6 14. Rc1 Rb8 15. Bg3 0-0 16. Qe2 Rfe8 17. Nd3 Bxg3 18. hxg3 Qb6 19. Qe3 e5 20. Nxe5 Ng4 21. Nxd7 Rxe3 22. Nxb6 Rxe1+ 23. Rxe1 Rxb6 24. f3 Nh6 25. b3 Nf5 26. Ne2 Ra6 27. g4 Ne3 28. Nc3 Nc2 29. Rd1 Ra3 30. Rd2 Nb4 31. Kf2 a5 32. Ke2 Kf7 33. Rb2 Ke6 34. Kd2 Kd6 35. Kd1 Nd3 36. Rd2 Nb4 37. Kc1 a4 38. Kb2 Nxa2 39. Kxa3 Nxc3 40. Rd3 Nb5+ 41. Kxa4 Nc7 42. Rd1 Nb5 43. Ka5 Nc3 44. Rd2 Nb1 45. Rd3 Na3 46. g5 Nc2 47. f4 Ke6 48. Rd2 Na3 49. Kb6 Nb1 50. Rf2 Kf5 51. Kxc6 Ke4 52. f5 Ke3 53. Rf3+ Kxd4 54. f6 gxf6 55. gxf6 Nd2 56. f7 1-0

[Event "SUI-chT"]
[Site "Switzerland"]
[Date "2021.10.10"]
[Round "3.4"]
[White "Martins, David Pires Tavares"]
[Black "Sutter, Oliver"]
[Result "1-0"]
[WhiteElo "2398"]
[BlackElo "2349"]
[PlyCount "79"]
[EventDate "2021.08.29"]
[EventType "team-tourn"]
[EventRounds "9"]
[EventCountry "SUI"]
[SourceTitle "EXT 2023"]
[Source "ChessBase"]
[SourceDate "2022.10.05"]
[SourceVersion "1"]
[SourceVersionDate "2022.10.05"]
[SourceQuality "1"]
[WhiteTeam "Reti"]
[BlackTeam "Trubschachen"]
[WhiteTeamCountry "SUI"]
[BlackTeamCountry "SUI"]

1. c4 Nf6 2. Nc3 e6 3. e4 c5 4. e5 Ng8 5. Nf3 Nc6 6. d4 cxd4 7. Nxd4 Nxe5 8. Ndb5 f6 9. Be3 a6 10. Nd6+ Bxd6 11. Qxd6 Ne7 12. Bb6 Nf5 13. Bxd8 Nxd6 14. Bc7 Ke7 15. c5 Ne8 16. Bb6 d5 17. cxd6+ Nxd6 18. Bc5 b6 19. Bxb6 Bb7 20. Bc5 Rac8 21. Ba3 Rhd8 22. 0-0-0 Rc6 23. f4 Ng4 24. Rd2 Ke8 25. Be2 Ne3 26. Bf3 Rxc3+ 27. bxc3 Bxf3 28. Rxd6 Rxd6 29. Bxd6 Bxg2 30. Re1 Nf5 31. Rxe6+ Kd7 32. Re2 Bf3 33. Rf2 Kxd6 34. Rxf3 Kd5 35. Rd3+ Ke4 36. Kd2 Kxf4 37. c4 g5 38. c5 Ne7 39. Rd7 Nc6 40. Rd6 1-0

[Event "Davos op 20th"]
[Site "Davos"]
[Date "2021.06.13"]
[Round "5"]
[White "Sutter, Oliver"]
[Black "Ferster, Fabian"]
[Result "1-0"]
[WhiteElo "2345"]
[BlackElo "2149"]
[PlyCount "59"]
[EventDate "2021.06.11"]
[EventType "swiss"]
[EventRounds "5"]
[EventCountry "SUI"]
[SourceTitle "CBM 203 Extra"]
[Source "ChessBase"]
[SourceDate "2021.09.30"]
[SourceVersion "1"]
[SourceVersionDate "2021.09.30"]
[SourceQuality "1"]

1. d4 Nf6 2. Bg5 d5 3. e3 Ne4 4. Bf4 c5 5. Nd2 Nxd2 6. Qxd2 Nc6 7. Nf3 Bg4 8. Ne5 Nxe5 9. Bxe5 Qb6 10. dxc5 Qxc5 11. h3 Bf5 12. Bd3 Bxd3 13. cxd3 f6 14. Bg3 e6 15. 0-0 Bd6 16. Rac1 Qb6 17. Bxd6 Qxd6 18. Qa5 0-0 19. Rc2 a6 20. Rfc1 Rf7 21. b4 Raf8 22. a4 f5 23. Qc5 Qd7 24. b5 f4 25. exf4 Rxf4 26. Qb6 axb5 27. axb5 Rb4 28. Rc7 Rxb5 29. Qd4 e5 30. Qxe5 1-0

[Event "Davos op 20th"]
[Site "Davos"]
[Date "2021.06.12"]
[Round "2"]
[White "Mattenberger, Matthias"]
[Black "Sutter, Oliver"]
[Result "0-1"]
[WhiteElo "1938"]
[BlackElo "2345"]
[PlyCount "54"]
[EventDate "2021.06.11"]
[EventType "swiss"]
[EventRounds "5"]
[EventCountry "SUI"]
[SourceTitle "CBM 203 Extra"]
[Source "ChessBase"]
[SourceDate "2021.09.30"]
[SourceVersion "1"]
[SourceVersionDate "2021.09.30"]
[SourceQuality "1"]

1. d4 Nf6 2. c4 c5 3. d5 g6 4. Nc3 Bg7 5. e4 0-0 6. Nf3 d6 7. Be2 e6 8. h3 exd5 9. exd5 Bf5 10. g4 Be4 11. Be3 Re8 12. Qd2 Nbd7 13. g5 Nh5 14. Nxe4 Rxe4 15. Qc2 Qe7 16. 0-0-0 Ng3 17. fxg3 Rxe3 18. Rde1 Ne5 19. Qd2 Nxf3 20. Bxf3 Bd4 21. h4 Re8 22. Ref1 Qe5 23. Kb1 Qf5+ 24. Ka1 Rxf3 25. Re1 Rxe1+ 26. Rxe1 Rf2 27. h5 gxh5 0-1

[Event "Burgdorf op 19th"]
[Site "Burgdorf"]
[Date "2020.02.15"]
[Round "2"]
[White "Sutter, Oliver"]
[Black "Kuenzli, Simon"]
[Result "1/2-1/2"]
[WhiteElo "2350"]
[BlackElo "1992"]
[PlyCount "145"]
[EventDate "2020.02.14"]
[EventType "swiss"]
[EventRounds "5"]
[EventCountry "SUI"]
[SourceTitle "CBM 194 Extra"]
[Source "ChessBase"]
[SourceDate "2020.03.31"]
[SourceVersion "1"]
[SourceVersionDate "2020.03.31"]
[SourceQuality "1"]

1. c4 e6 2. Nf3 d5 3. d4 c6 4. Qc2 Nf6 5. Bg5 Nbd7 6. cxd5 exd5 7. Nc3 Be7 8. e3 0-0 9. Bd3 Re8 10. 0-0 Nf8 11. h3 Be6 12. Ne5 h6 13. Bh4 N6d7 14. Bxe7 Qxe7 15. f4 f6 16. Nf3 Rac8 17. Rae1 c5 18. Qf2 Qd6 19. Bb1 Nb8 20. a3 Nc6 21. Nb5 Qe7 22. dxc5 Qxc5 23. Nbd4 Nxd4 24. Nxd4 Bd7 25. Qd2 Qd6 26. Rc1 a6 27. Rxc8 Rxc8 28. Rc1 Rxc1+ 29. Qxc1 g6 30. Ba2 Kg7 31. Qc3 Ne6 32. Nxe6+ Bxe6 33. Qd4 Bf7 34. Kf2 a5 35. h4 b6 36. b4 axb4 37. axb4 Qe6 38. Bb1 h5 39. Bd3 Be8 40. Be2 Bf7 41. Bf3 Qc6 42. Kg3 Qe6 43. Qc3 Qd6 44. Kf2 Be6 45. Qd4 Bf7 46. g3 Qe6 47. b5 Qd6 48. e4 Be8 49. Be2 Bd7 50. exd5 Be6 51. Bc4 Bf7 52. Kg2 Be6 53. Qe4 Bf7 54. Kh2 Qd7 55. Qd4 Qd6 56. Bf1 Be8 57. Qc4 Bd7 58. Bg2 Kf7 59. Bh3 f5 60. Bg2 Be8 61. Bf1 Ke7 62. Qd4 Bf7 63. Bc4 Kd7 64. Qg7 Ke7 65. Kh3 Ke8 66. Qh8+ Ke7 67. Qa8 Be8 68. Qa7+ Bd7 69. Qa1 Be8 70. Qe5+ Kd7 71. Kg2 Bf7 72. Kf1 Qc5 73. Be2 1/2-1/2

[Event "Zuerich Kupper Memorial"]
[Site "Zuerich"]
[Date "2019.08.18"]
[Round "7"]
[White "Sutter, Oliver"]
[Black "Pavlovic, Milos"]
[Result "0-1"]
[WhiteElo "2344"]
[BlackElo "2502"]
[PlyCount "78"]
[EventDate "2019.08.14"]
[EventType "swiss"]
[EventRounds "7"]
[EventCountry "SUI"]
[SourceTitle "CBM 191 Extra"]
[Source "ChessBase"]
[SourceDate "2019.09.30"]
[SourceVersion "1"]
[SourceVersionDate "2019.09.30"]
[SourceQuality "1"]

1. d4 d5 2. c4 e6 3. Nc3 Bb4 4. e3 Nf6 5. Bd3 0-0 6. Nf3 dxc4 7. Bxc4 c5 8. 0-0 Nc6 9. a3 Bxc3 10. bxc3 Qc7 11. Bb2 e5 12. Be2 e4 13. Nd2 Re8 14. h3 Bf5 15. Qc2 Rac8 16. c4 cxd4 17. exd4 Ne7 18. Qb3 Ng6 19. Qe3 Nf4 20. d5 Nd7 21. Rfe1 Nc5 22. Bd4 b6 23. Bf1 Ncd3 24. Bxd3 Nxd3 25. Red1 Bg6 26. Bc3 f5 27. Qd4 f4 28. Nb3 Qf7 29. a4 f3 30. a5 Nf4 31. Rd2 fxg2 32. axb6 axb6 33. c5 Nxh3+ 34. Kxg2 Nf4+ 35. Kg3 bxc5 36. Nxc5 Rxc5 37. Qxc5 Qf5 38. f3 e3 39. Qd4 Qh3+ 0-1

[Event "Zuerich Kupper Memorial"]
[Site "Zuerich"]
[Date "2019.08.17"]
[Round "5"]
[White "Sutter, Oliver"]
[Black "Bauer, Christian"]
[Result "0-1"]
[WhiteElo "2344"]
[BlackElo "2626"]
[PlyCount "136"]
[EventDate "2019.08.14"]
[EventType "swiss"]
[EventRounds "7"]
[EventCountry "SUI"]
[SourceTitle "CBM 191 Extra"]
[Source "ChessBase"]
[SourceDate "2019.09.30"]
[SourceVersion "1"]
[SourceVersionDate "2019.09.30"]
[SourceQuality "1"]

1. d4 d6 2. g3 g6 3. Bg2 Bg7 4. Nf3 Nd7 5. 0-0 e5 6. c4 Ne7 7. Nc3 0-0 8. e4 exd4 9. Nxd4 Nc6 10. Nxc6 bxc6 11. Qc2 Qf6 12. Ne2 Re8 13. Rb1 Qe7 14. Bd2 Nc5 15. Nc3 a5 16. Rbe1 Rb8 17. b3 Ba6 18. Nd1 a4 19. b4 Nd7 20. Ne3 Nb6 21. Rb1 Bd4 22. b5 cxb5 23. cxb5 Bb7 24. Nd5 Bxd5 25. exd5 Qe2 26. Rbe1 Qc4 27. Rc1 Qxc2 28. Rxc2 Bc5 29. Bf4 Nd7 30. Rb1 Ne5 31. Bxe5 Rxe5 32. Bf3 Rbe8 33. Kf1 Kg7 34. Rcc1 Rf5 35. Kg2 Ree5 36. Rc4 a3 37. Rbc1 Rf6 38. g4 h5 39. h3 Kh6 40. Rd1 h4 41. Rdc1 Kg5 42. Rd1 Re8 43. Rb1 Rb8 44. Re4 Rf4 45. Rxf4 Kxf4 46. Rb3 Ke5 47. Kf1 Kd4 48. Kg2 Re8 49. Kf1 Re5 50. Rb1 Kc3 51. Rb3+ Kd2 52. Rb1 Kc2 53. Re1 Kb2 54. Rxe5 dxe5 55. d6 cxd6 56. Bd5 f5 57. gxf5 gxf5 58. f4 Kc3 59. Be6 exf4 60. Ke2 Kd4 61. Bxf5 d5 62. Bc2 Kc3 63. Bb3 d4 64. Kf3 Bd6 65. b6 d3 66. Ke4 d2 67. Kf3 Kb2 68. Ke2 Kc1 0-1

[Event "SUI-chT"]
[Site "Switzerland"]
[Date "2014.09.07"]
[Round "7.3"]
[White "Sutter, Oliver"]
[Black "Sedina, Elena"]
[Result "0-1"]
[WhiteElo "2336"]
[BlackElo "2326"]
[PlyCount "120"]
[EventDate "2014.03.16"]
[EventType "team-tourn"]
[EventRounds "9"]
[EventCountry "SUI"]
[SourceTitle "EXT 2015"]
[Source "ChessBase"]
[SourceDate "2014.11.20"]
[SourceVersion "1"]
[SourceVersionDate "2014.11.20"]
[SourceQuality "1"]
[WhiteTeam "Trubschachen"]
[BlackTeam "Mendrisio"]
[WhiteTeamCountry "SUI"]
[BlackTeamCountry "SUI"]

1. d4 d5 2. c4 c6 3. Nf3 Nf6 4. e3 Bf5 5. Nc3 e6 6. Bd3 Bxd3 7. Qxd3 Nbd7 8. 0-0 Bb4 9. Bd2 a5 10. a3 Be7 11. e4 Nc5 12. dxc5 dxe4 13. Qxd8+ Rxd8 14. Nxe4 Nxe4 15. Bxa5 Ra8 16. Bb4 Nxc5 17. Rad1 Na4 18. b3 Bxb4 19. axb4 Nb6 20. Ne5 Ke7 21. Nd3 Nd7 22. Ra1 Rhd8 23. g3 Nf6 24. Nc5 b6 25. Na4 Rdb8 26. Nc3 Rd8 27. b5 cxb5 28. Nxb5 Ne4 29. Rxa8 Rxa8 30. Rc1 Ra2 31. Nc3 Nxc3 32. Rxc3 Rb2 33. Rd3 e5 34. g4 Ke6 35. Kg2 f6 36. Kg3 g6 37. Kg2 e4 38. Rh3 Ke5 39. Rxh7 Kf4 40. Rf7 f5 41. gxf5 gxf5 42. Re7 Rxb3 43. Re6 Kg5 44. Re8 Rc3 45. Re6 Rc2 46. Rxb6 f4 47. Rb1 Kg4 48. c5 f3+ 49. Kf1 Rxc5 50. Ke1 Kh3 51. Rb4 Kg2 52. Rxe4 Rc1+ 53. Kd2 Rh1 54. h4 Kxf2 55. Rg4 Rh3 56. Kd3 Rg3 57. Rf4 Rg8 58. h5 Rd8+ 59. Ke4 Re8+ 60. Kd4 Ke2 0-1

[Event "SUI-chT"]
[Site "Switzerland"]
[Date "2014.09.06"]
[Round "6.3"]
[White "Sutter, Oliver"]
[Black "Pelletier, Yannick"]
[Result "0-1"]
[WhiteElo "2336"]
[BlackElo "2555"]
[PlyCount "74"]
[EventDate "2014.03.16"]
[EventType "team-tourn"]
[EventRounds "9"]
[EventCountry "SUI"]
[SourceTitle "EXT 2015"]
[Source "ChessBase"]
[SourceDate "2014.11.20"]
[SourceVersion "1"]
[SourceVersionDate "2014.11.20"]
[SourceQuality "1"]
[WhiteTeam "Trubschachen"]
[BlackTeam "Zuerich"]
[WhiteTeamCountry "SUI"]
[BlackTeamCountry "SUI"]

1. d4 e6 2. Nf3 c5 3. c4 cxd4 4. Nxd4 Nf6 5. g3 Bb4+ 6. Bd2 Qb6 7. Bxb4 Qxb4+ 8. Nd2 Qxb2 9. Nb5 Na6 10. Bg2 0-0 11. Nd6 Qb4 12. Nxc8 Raxc8 13. Rb1 Qa5 14. Bxb7 Rb8 15. Bxa6 Qxa6 16. 0-0 Qxa2 17. Ra1 Qb2 18. Rxa7 Rfc8 19. h3 h6 20. Ra1 Ra8 21. Rb1 Qe5 22. Rb5 Qd4 23. Rb3 Ra2 24. Rd3 Qb2 25. Qb1 Rb8 26. Qxb2 Rbxb2 27. Rd1 Kf8 28. Kg2 Rc2 29. Kf3 g5 30. e3 Ke8 31. Rd4 d5 32. cxd5 Nxd5 33. g4 Nc3 34. Ne4 Nxd1 35. Rxd1 Ke7 36. Rb1 f5 37. Rb7+ Kd8 0-1

[Event "SUI-chT"]
[Site "Switzerland"]
[Date "2014.06.29"]
[Round "5.1"]
[White "Sokolov, Andrei"]
[Black "Sutter, Oliver"]
[Result "1-0"]
[WhiteElo "2554"]
[BlackElo "2336"]
[PlyCount "67"]
[EventDate "2014.03.16"]
[EventType "team-tourn"]
[EventRounds "9"]
[EventCountry "SUI"]
[SourceTitle "EXT 2015"]
[Source "ChessBase"]
[SourceDate "2014.11.20"]
[SourceVersion "1"]
[SourceVersionDate "2014.11.20"]
[SourceQuality "1"]
[WhiteTeam "Geneve"]
[BlackTeam "Trubschachen"]
[WhiteTeamCountry "SUI"]
[BlackTeamCountry "SUI"]

1. e4 c6 2. d4 d5 3. Nc3 dxe4 4. Nxe4 Nd7 5. Nf3 Ngf6 6. Ng3 e6 7. Be2 Bd6 8. 0-0 Qc7 9. c4 b6 10. Bd2 Bb7 11. Qc2 c5 12. dxc5 bxc5 13. Rfd1 Ne5 14. Nxe5 Bxe5 15. Bc3 0-0 16. Rd3 Rfd8 17. Rad1 Rxd3 18. Rxd3 Bxc3 19. Qxc3 h6 20. h3 Bc6 21. Qd2 Rb8 22. b3 Kf8 23. Qe3 Ba8 24. f4 Re8 25. Qe5 Qa5 26. Kh2 Kg8 27. Nh5 Nxh5 28. Bxh5 f6 29. Qd6 Rf8 30. Qxe6+ Kh8 31. Qe7 Rg8 32. Bf7 Rb8 33. Be6 Qb6 34. Rd7 1-0